zpět

Detail výsledku týmu

Be Friendly, Praha

Datum a čas kvízu

19.5 Celkem bodů Celkový počet nahraných bodů na tomto kvízu bez doplňovacích otázek.
9. Pořadí na kvízu Konečné umístění týmu na tomto kvízu.

Zaznamenané odpovědi

# Otázka Odpověď Body Výsledky
1. Český premiér jednal ve středu... 1
2. Ukrajinští vyšetřovatelé zabav... 0
3. Minulé pondělí proběhlo vyhláš... 1
4. Česká národní banka začala min... 0.5
5. Nadnárodní výrobce sportovního... 0
6. V tomto tématu Vás čeká pět vý... 0
7. Z níže vypsaných měst leží nej... 0
8. Z níže vypsaných děl vyberte j... 0
9. Které z těchto zvířat je sudo... 1
10. Které z těchto příjmení je v Č... 0